<?xml version="1.0" encoding="UTF-8"?>
<marc:record xmlns:marc="http://www.loc.gov/MARC21/slim">
   <marc:leader>00000nam a2200000 a 4500</marc:leader>
   <marc:datafield ind1=" " ind2=" " tag="653">
      <marc:subfield code="a">Tonie-Hörbuch</marc:subfield>
   </marc:datafield>
   <marc:datafield ind1=" " ind2=" " tag="653">
      <marc:subfield code="a">Lieder</marc:subfield>
   </marc:datafield>
   <marc:datafield ind1=" " ind2=" " tag="653">
      <marc:subfield code="a">Feuerwehr</marc:subfield>
   </marc:datafield>
   <marc:datafield ind1=" " ind2=" " tag="653">
      <marc:subfield code="a">Rettungsfahrzeuge</marc:subfield>
   </marc:datafield>
   <marc:datafield ind1="0" ind2="0" tag="245">
      <marc:subfield code="a">Die Feuerwehr. Die Rettungsfahrzeuge [Tonie]</marc:subfield>
   </marc:datafield>
   <marc:datafield ind1="0" ind2="0" tag="245">
      <marc:subfield code="b">Tonie. WWW junior. Hörspiel ab 3 Jahren mit Liedern</marc:subfield>
   </marc:datafield>
   <marc:datafield ind1=" " ind2="1" tag="264">
      <marc:subfield code="a">Hamburg</marc:subfield>
      <marc:subfield code="b">Jumbo Neue Medien</marc:subfield>
      <marc:subfield code="c">2024</marc:subfield>
   </marc:datafield>
   <marc:datafield ind1="1" ind2=" " tag="490">
      <marc:subfield code="a">Wieso? Weshalb? Warum? junior</marc:subfield>
   </marc:datafield>
   <marc:datafield ind1="1" ind2=" " tag="520">
      <marc:subfield code="a">Spielerisch entdecken die Kleinsten alles rund um die Feuerwehr und ihre Einsätze. Was braucht ein Feuerwehrmann? Wie werden Menschen bei einem Brand gerettet? Wo hilft die Feuerwehr noch? Und was muss ich tun, wenn es brennt?Die RettungsfahrzeugeMit Blaulicht und Martinshorn sausen sie durch die Straßen, aber auch zu Wasser und in der Luft sind Einsatzkräfte unterwegs. Mit Rettungswagen, Feuerwehrauto, Polizeimotorrad, Seenotkreuzer und Rettungshubschrauber sind sie sofort zur Stelle. Und auch der Gerätekraftwagen des Technischen Hilfswerks wird vorgestellt. Das Hörspiel beantwortet alle Fragen der Kleinen zu den Rettungsfahrzeugen, veranschaulicht Abläufe, vermittelt den Nutzen sowie die Ausstattung der Fahrzeuge – und beim Tatütata-Lied können alle mitsingen. (Quelle: thalia.at)</marc:subfield>
   </marc:datafield>
   <marc:datafield ind1=" " ind2=" " tag="041">
      <marc:subfield code="a">ger</marc:subfield>
   </marc:datafield>
   <marc:datafield ind1=" " ind2=" " tag="338">
      <marc:subfield code="a">Nicht spezifiziert</marc:subfield>
   </marc:datafield>
   <marc:datafield ind1=" " ind2=" " tag="300">
      <marc:subfield code="a">1</marc:subfield>
   </marc:datafield>
</marc:record>
